LEADER 01133nam a2200265 i 4500 001 000000129838 003 CaOOAMICUS 005 20041011000000.0 008 041011s1983 it u000 u ita u 013 $a102571 020 $a88-85020-46-1 040 $aSeMil$bita 100 1 $aBecchetti, Piero.$0(OLS)http://semarc/name/51607 245 10$aImmagini della campagna romana :$b1853-1915 /$cPiero Becchetti. 260 $aRoma :$bQuasar,$c1983. 300 $a221 p. :$briccamente ill. ;$c32 cm. 500 $aIn preliminari : Di questa Ed. sono stati stampati 1000 esempl. riservati al Banco di Roma. - Fondo Card. C.M. Martini. 650 4$aRoma - Territorio rurale - Immagini - 1853-1915.$0(OLS)http://semarc/subject/25658 850 $aSeMil 852 $aSeMil$W1$xVenegono$y1$m4Y VII 23$j83935$B83935$CSeMilBibl$Z2$F87392 $81 941 1 $a4 961 $aOmaggio: Martini Card. Carlo Maria 996 $6020$a88-85020-46-1$9(OLS)http://semarc/number/116658 996 $6245$aImmagini della campagna romana :$b1853-1915$9(OLS)http://semarc/title/191467 996 $6260$aRoma :$bQuasar$9(OLS)http://semarc/publisher/30161 LEADER 01216nam a2200265 4500 001 000000352606 003 CaOOAMICUS 005 20230220162136.0 008 230109s2022 it a 000 u ita r 020 $a978-88-89709-78-8 040 $aSeMil$bita 100 1 $aComini, Claudio,$d<1963- >.$0(OLS)http://semarc/name/112624 245 13$aLa dolce atmosfera di Venezia /$cClaudio Comini. 264 1$aLozzo Atestino (Pd) :$bVenilia Editrice ;$aPadova :$bValentina Editrice,$c2022. 300 $a43 p. :$bill. ;$c20 cm 541 0 $aOmaggio mons. Mario Delpini (5B III 65/12) 850 $aSeMil 852 $aSeMil$W1$xVenegono$y1$m5B III 65/12$j237385$B243831$CSeMilBibl$Z2$F243831 $81 941 1 $a7 961 $aOmaggio mons. Mario Delpini.-- Con dedica autografa dell?autore (Claudio Comini) a mons. Mario Delpini (2 dicembre 2022) 996 $6020$a978-88-89709-78-8$9(OLS)http://semarc/number/297389 996 $6245$aLa dolce atmosfera di Venezia$9(OLS)http://semarc/title/442492 996 $6264$aLozzo Atestino (Pd) :$bVenilia Editrice$9(OLS)http://semarc/publisher/60791 996 $6264$aPadova :$bValentina Editrice$9(OLS)http://semarc/publisher/60792